000 01779nam2a2200253 4500
001 RU\NLR\BIBL_A\010746434
005 20250614093111.0
010 _a978-5-00044-314-9
_92000
021 _aRU
_b2015-79528
_94815
035 _a(NLR Aleph) 010746434
090 _a9925750
_c9925750
100 _a20150420d2015 |||y0rusy50 ca
101 0 _arus
102 _aRU
105 _aacbhj|||000yy
200 0 _aСередина XIX - начало XXI века
_e[для учащихся 9 класса]
210 _d2015
_aБ. м.
215 _a208 с.
_cил., портр., карт., цв. ил., портр., факс.
320 _aБиблиогр. в тексте и в подстроч. примеч.
461 0 _1001RU\NLR\BIBL_A\010801071
_12001#$aИсторическое краеведение Воронежской области$e(с древнейших времен до середины XIX века)$e[учебно-методическое пособие$eдля учащихся 8 класса общеобразовательных учреждений]$fНемыкин А. Я., Немыкина И. В.$v[Ч. 2]
_1700#1$aНемыкин$bА. Я.$gАлександр Яковлевич
_910160549
_aНемыкин, А. Я.
_cВоронеж
_d2015
_fНемыкин А. Я., Немыкина И. В.
_nВГПУ
_o(с древнейших времен до середины XIX века) : [учебно-методическое пособие : для учащихся 8 класса общеобразовательных учреждений]
_tИсторическое краеведение Воронежской области
_v[Ч. 2]
942 _cBOOK
980 _aNB